000 00311nam a22001337a 4500
008 170213b xxu||||| |||| 00| 0 eng d
020 _a9780789025579
041 _aeng
080 _a61
100 _a4
101 _aSHM
245 _aMINISTRY IN THE SPIRITUAL CULTURAL HEALTH CARE
_cANDERSON
942 _2udc
_cBK
999 _c5248
_d5248